000 00713nam a2200169Ia 4500
008 220216s9999 xx 000 0 und d
100 _aAbraham A
245 0 _aAntagonistic potential of bacterial endophytes isolated from Hevea brasiliensis against Phytophthora meadii
260 _bPhytophthora Diseases of Plantation Crops. (Eds. Jacob Mathew, C. Bindu Roy, C. Kuruvilla Jacob and N. Ramachandran).Rubber Research Institute of India, Kottayam and Westville Publishing House, New Delhi, India, pp.39-45.
650 _aBacterial endophyte
650 _aHevea brasiliensis
650 _aMolecular identification
650 _aPhytophthora meadii
700 _aJoseph K
700 _aPhilip S
942 _cBS
999 _c50270
_d50270